000 01117nam0a22002531 4500
001 rc\2803137
005 20250806204211.0
035 _a(NLR Aleph) 006929145
090 _a34756
_c34756
100 _a20110915d1944 u y0rusy50 ca
101 0 _arus
102 _aRU
105 _ay z |||||
200 1 _aО преобразовании Наркомата обороны и Наркоминдела из общесоюзных в союзно-республиканские Наркоматы
_eДоклад тов. Молотова в Верховном Сов. СССР 1 февр. 1944 г.
_fX Сессия Верховного Сов. СССР 1-го созыва
210 _aКалинин
_cКалининск. обком ВКП(б)
_d1944
215 _a20 с.
_d14 см.
700 1 _aМолотов
_bВ. М.
_f1890-1986
_gВячеслав Михайлович
_3RU\NLR\auth\77127154
_4570
801 0 _aRU
_bNLR
_gpsbo
801 1 _aRU
_bELAR
_2rusmarc
852 _aNLR
_jП20 Г-2/13
942 _cBOOK
945 _aРоссийская национальная библиотека
980 _aNB
980 _aBV